[Event "Titled Tuesday intern op 16th Apr Late"]
[Site "Chess.com INT"]
[Date "2024.04.16"]
[Round "8"]
[White "Boder, Jan"]
[Black "Aliyev, Ravan"]
[Result "0-1"]
[WhiteElo "2328"]
[BlackElo "2352"]
[PlyCount "56"]
[EventDate "2024.04.16"]
[EventType "swiss (blitz)"]
[EventRounds "11"]
[EventCountry "USA"]
[SourceTitle "CB17_2024"]
[SourceDate "2024.04.24"]
[SourceVersion "1"]
[SourceVersionDate "2024.04.24"]
[SourceQuality "1"]

1. c4 c6 2. g3 d5 3. Nf3 Nf6 4. Bg2 e6 5. 0-0 dxc4 6. a4 Nbd7 7. Qc2 b6 8. Qxc4 Bb7 9. d4 c5 10. Nc3 cxd4 11. Qxd4 Bc5 12. Qc4 0-0 13. Bf4 Rc8 14. Qb3 Qe7 15. Rfd1 Rfd8 16. Nb5 Ne4 17. Be3 a6 18. Na3 Bd5 19. Bxc5 Ndxc5 20. Qxb6 Nxa4 21. Qxa6 Nxb2 22. Rdb1 Ra8 23. Qb6 Na4 24. Qe3 Nac3 25. Rc1 Rxa3 26. Rxa3 Qxa3 27. Ng5 Qxc1+ 28. Qxc1 Nxe2+ 0-1

[Event "Titled Tuesday intern op 27th Feb Late"]
[Site "Chess.com INT"]
[Date "2024.02.27"]
[Round "8"]
[White "Boder, Jan"]
[Black "Bardyk, Artem"]
[Result "0-1"]
[WhiteElo "2328"]
[BlackElo "2192"]
[PlyCount "94"]
[EventDate "2024.02.27"]
[EventType "swiss (blitz)"]
[EventRounds "11"]
[EventCountry "USA"]
[SourceTitle "CB10_2024"]
[SourceDate "2024.03.06"]
[SourceVersion "1"]
[SourceVersionDate "2024.03.06"]
[SourceQuality "1"]

1. c4 e6 2. g3 d5 3. Nf3 Nf6 4. Bg2 g6 5. 0-0 Bg7 6. d4 0-0 7. Nc3 h6 8. Ne5 Kh7 9. e4 Nxe4 10. Nxe4 dxe4 11. Bxe4 Nd7 12. f4 c5 13. Be3 cxd4 14. Bxd4 Nxe5 15. fxe5 Qc7 16. Qe2 Bd7 17. Bc3 Bc6 18. Rad1 Rac8 19. b3 Bxe4 20. Qxe4 b5 21. Bb4 Rfd8 22. Bd6 Qd7 23. c5 Kg8 24. b4 Qc6 25. Qf4 Rd7 26. Rf3 a5 27. Rdf1 axb4 28. Qxb4 Ra8 29. a3 Ra4 30. Qd2 Bxe5 31. Qf2 Bd4 32. Re3 Rxa3 33. Rfe1 Rxe3 34. Rxe3 b4 35. Qf4 Bxe3+ 36. Qxe3 Rxd6 37. cxd6 Qxd6 38. Kg2 Qd5+ 39. Kh3 b3 40. Qc3 Qh5+ 41. Kg2 Qd5+ 42. Kh3 h5 43. Qc8+ Kg7 44. Qc3+ Kh7 45. Qc7 Qf5+ 46. Kg2 Qc2+ 47. Qxc2 bxc2 0-1

[Event "Titled Tuesday intern op 27th Feb Late"]
[Site "Chess.com INT"]
[Date "2024.02.27"]
[Round "1"]
[White "Boder, Jan"]
[Black "Urazayev, Arystanbek"]
[Result "0-1"]
[WhiteElo "2328"]
[BlackElo "2476"]
[PlyCount "66"]
[EventDate "2024.02.27"]
[EventType "swiss (blitz)"]
[EventRounds "11"]
[EventCountry "USA"]
[SourceTitle "CB10_2024"]
[SourceDate "2024.03.06"]
[SourceVersion "1"]
[SourceVersionDate "2024.03.06"]
[SourceQuality "1"]

1. c4 e6 2. g3 d5 3. Nf3 Nf6 4. Bg2 Be7 5. 0-0 0-0 6. d4 c6 7. Nc3 a5 8. Qd3 b6 9. e4 Ba6 10. b3 b5 11. exd5 bxc4 12. bxc4 cxd5 13. Nb5 dxc4 14. Qxc4 a4 15. Ne5 Qa5 16. Rb1 Rc8 17. Qd3 Nd5 18. Bd2 Qd8 19. Rfc1 Rxc1+ 20. Bxc1 f6 21. Nc4 Nc6 22. Bd2 Rb8 23. Nc3 Ncb4 24. Qe2 Kh8 25. a3 Nxc3 26. Bxc3 Nd5 27. Rxb8 Qxb8 28. Qxe6 Bxc4 29. Bxd5 Qb1+ 30. Kg2 Qf1+ 31. Kf3 Bxd5+ 32. Qxd5 Qh1+ 33. Ke3 Qxd5 0-1

[Event "Titled Tuesday intern op 06th Feb Late"]
[Site "Chess.com INT"]
[Date "2024.02.06"]
[Round "7"]
[White "Boder, Jan"]
[Black "Antoniou, Rafail"]
[Result "1/2-1/2"]
[WhiteElo "2328"]
[BlackElo "2036"]
[PlyCount "127"]
[EventDate "2024.02.06"]
[EventType "swiss (blitz)"]
[EventRounds "11"]
[EventCountry "USA"]
[SourceTitle "CB07_2024"]
[SourceDate "2024.02.14"]
[SourceVersion "1"]
[SourceVersionDate "2024.02.14"]
[SourceQuality "1"]

1. c4 e6 2. g3 d5 3. Bg2 Nf6 4. Nf3 d4 5. 0-0 c5 6. e3 Nc6 7. exd4 cxd4 8. d3 Bd6 9. Bg5 e5 10. a3 a5 11. Nbd2 0-0 12. Re1 Bf5 13. Ne4 Bxe4 14. Rxe4 h6 15. Bxf6 Qxf6 16. Qe2 Rfe8 17. Re1 Rac8 18. Nd2 Qd8 19. Rh4 Ne7 20. Ne4 Ng6 21. Rh5 b6 22. Nxd6 Qxd6 23. Be4 Ne7 24. Rxe5 Kf8 25. Bg2 Rc7 26. h4 Rd8 27. Bd5 g6 28. Bg2 Nc6 29. Re8+ Rxe8 30. Qxe8+ Kg7 31. Bxc6 Rxc6 32. Re7 Qf6 33. Rxf7+ Qxf7 34. Qxc6 Qf5 35. Qe4 Qc5 36. b4 axb4 37. axb4 Qxb4 38. Qxd4+ Kf7 39. Qd5+ Kg7 40. Kg2 Qb1 41. d4 Qb3 42. Qe5+ Kh7 43. c5 bxc5 44. Qxc5 Qd3 45. Qc7+ Kh8 46. Qd8+ Kh7 47. Qe7+ Kg8 48. Qe6+ Kh7 49. Qe5 g5 50. hxg5 hxg5 51. g4 Qd1 52. Qe4+ Kh6 53. d5 Kg7 54. Qf5 Qd2 55. Qe5+ Kh6 56. d6 Qd1 57. Qf6+ Kh7 58. Qf5+ Kh6 59. d7 Qd6 60. Kh3 Qd1 61. Qf6+ Kh7 62. d8Q Qh1+ 63. Kg3 Qg2+ 64. Kxg2 1/2-1/2

[Event "Titled Tuesday intern op 06th Feb Late"]
[Site "Chess.com INT"]
[Date "2024.02.06"]
[Round "8"]
[White "Boder, Jan"]
[Black "Goncalves, Samuel Jesus P"]
[Result "1/2-1/2"]
[WhiteElo "2328"]
[BlackElo "2219"]
[PlyCount "134"]
[EventDate "2024.02.06"]
[EventType "swiss (blitz)"]
[EventRounds "11"]
[EventCountry "USA"]
[SourceTitle "CB07_2024"]
[SourceDate "2024.02.14"]
[SourceVersion "1"]
[SourceVersionDate "2024.02.14"]
[SourceQuality "1"]

1. c4 Nf6 2. g3 e6 3. Bg2 d5 4. Nf3 Nbd7 5. 0-0 Be7 6. d4 0-0 7. b3 dxc4 8. bxc4 c5 9. d5 Nb6 10. Nc3 Nxc4 11. e4 exd5 12. exd5 Bg4 13. Bf4 Bd6 14. Qd3 Bxf4 15. Qxc4 Bd6 16. Rab1 b6 17. Rfd1 Re8 18. Nb5 Bf5 19. Rbc1 a6 20. Nxd6 Qxd6 21. Nh4 Bd7 22. Re1 Rxe1+ 23. Rxe1 b5 24. Qc2 Re8 25. Rxe8+ Nxe8 26. a4 Nf6 27. Nf5 Bxf5 28. Qxf5 g6 29. Qc8+ Kg7 30. axb5 axb5 31. Qb7 b4 32. h3 c4 33. g4 c3 34. g5 Nd7 35. Be4 Nc5 36. Qxb4 Nxe4 37. Qxe4 Qc7 38. Qd4+ Kg8 39. d6 Qd8 40. Qxc3 Qxg5+ 41. Qg3 Qc1+ 42. Kh2 Qd2 43. Kg2 h5 44. h4 Kh7 45. Qe5 Qb4 46. Qf6 Qg4+ 47. Kh2 Kg8 48. Qd8+ Kg7 49. Qg5 Qe6 50. Qg3 f6 51. Kg2 Kf7 52. Qd3 f5 53. Qe3 Qxe3 54. fxe3 Ke6 55. Kf3 Kxd6 56. Kf4 Kd5 57. Kg5 Ke4 58. Kxg6 Kxe3 59. Kxf5 Kd4 60. Kg5 Ke5 61. Kxh5 Kf5 62. Kh6 Kf6 63. Kh7 Kf7 64. h5 Kf8 65. Kh8 Kf7 66. h6 Kf8 67. h7 Kf7 1/2-1/2

[Event "Titled Tuesday intern op 06th Feb Late"]
[Site "Chess.com INT"]
[Date "2024.02.06"]
[Round "2"]
[White "Boder, Jan"]
[Black "Womacka, Mathias"]
[Result "1/2-1/2"]
[WhiteElo "2328"]
[BlackElo "2355"]
[PlyCount "113"]
[EventDate "2024.02.06"]
[EventType "swiss (blitz)"]
[EventRounds "11"]
[EventCountry "USA"]
[SourceTitle "CB07_2024"]
[SourceDate "2024.02.14"]
[SourceVersion "1"]
[SourceVersionDate "2024.02.14"]
[SourceQuality "1"]

1. c4 c5 2. g3 Nf6 3. Bg2 d5 4. cxd5 Nxd5 5. Nc3 Nc7 6. a3 g6 7. b4 cxb4 8. axb4 Bg7 9. Nf3 0-0 10. 0-0 Nc6 11. b5 Nxb5 12. Qb3 Nbd4 13. Nxd4 Nxd4 14. Qd1 Bg4 15. Bb2 Nxe2+ 16. Nxe2 Bxb2 17. Rb1 Bf6 18. Rxb7 Qd3 19. f3 Bf5 20. Rb3 Qd6 21. d4 a5 22. f4 Ra7 23. Rb5 a4 24. Rd5 Qb6 25. Nc3 a3 26. Na2 Rd8 27. Rxd8+ Qxd8 28. d5 Qb6+ 29. Kh1 Qb2 30. Nc1 a2 31. Nxa2 Rxa2 32. Qf3 h5 33. h3 Bxh3 34. Rg1 Bxg2+ 35. Rxg2 Qxg2+ 36. Qxg2 Rxg2 37. Kxg2 Kf8 38. g4 Ke8 39. f5 hxg4 40. fxg6 fxg6 41. Kg3 Kd7 42. Kxg4 Kd6 43. Kf4 Kxd5 44. Ke3 g5 45. Kf3 Ke5 46. Kg4 Ke4 47. Kg3 e5 48. Kg2 Kd3 49. Kf2 e4 50. Ke1 e3 51. Kd1 e2+ 52. Ke1 g4 53. Kf2 Kd2 54. Kg3 e1Q+ 55. Kf4 Qf2+ 56. Kxg4 Ke3 57. Kh5 1/2-1/2

[Event "Titled Tuesday intern op 16th Jan Late"]
[Site "Chess.com INT"]
[Date "2024.01.16"]
[Round "5"]
[White "Boder, Jan"]
[Black "Balla, Tamas Kristof"]
[Result "1-0"]
[WhiteElo "2284"]
[BlackElo "2283"]
[PlyCount "71"]
[EventDate "2024.01.16"]
[EventType "swiss (blitz)"]
[EventRounds "11"]
[EventCountry "USA"]
[SourceTitle "CB04_2024"]
[SourceDate "2023.10.16"]
[SourceVersion "1"]
[SourceVersionDate "2023.10.16"]
[SourceQuality "1"]

1. c4 c5 2. g3 Nc6 3. Bg2 g6 4. Nc3 Bg7 5. a3 a5 6. e4 e6 7. Nge2 Nge7 8. 0-0 0-0 9. d3 d6 10. Be3 Nd4 11. Bxd4 cxd4 12. Nb5 e5 13. b4 Nc6 14. Qd2 Qe7 15. f4 f5 16. Rab1 axb4 17. axb4 Be6 18. Ra1 Rxa1 19. Rxa1 fxe4 20. Bxe4 exf4 21. Nxf4 Bf5 22. Re1 Ne5 23. Bd5+ Kh8 24. Nxd4 Bg4 25. Qe3 Qg5 26. Nde6 Bxe6 27. Nxe6 Qxe3+ 28. Rxe3 Ra8 29. Nxg7 Kxg7 30. d4 Ra1+ 31. Kg2 Ng4 32. Re7+ Kh6 33. h4 Ra2+ 34. Kh3 Kh5 35. Rxh7+ Nh6 36. Bf3# 1-0

[Event "Titled Tuesday intern op 16th Jan Late"]
[Site "Chess.com INT"]
[Date "2024.01.16"]
[Round "6"]
[White "Boder, Jan"]
[Black "Martinez Ramirez, Lennis"]
[Result "1-0"]
[WhiteElo "2284"]
[BlackElo "2448"]
[PlyCount "97"]
[EventDate "2024.01.16"]
[EventType "swiss (blitz)"]
[EventRounds "11"]
[EventCountry "USA"]
[SourceTitle "CB04_2024"]
[SourceDate "2023.10.16"]
[SourceVersion "1"]
[SourceVersionDate "2023.10.16"]
[SourceQuality "1"]

1. c4 c5 2. g3 g6 3. Bg2 Bg7 4. Nc3 Nc6 5. a3 Nh6 6. Rb1 a5 7. e4 d6 8. Nge2 Ng4 9. d3 h5 10. h3 Nge5 11. f4 Nd7 12. Be3 Nd4 13. 0-0 Nb8 14. Nb5 Nxb5 15. cxb5 a4 16. d4 cxd4 17. Bxd4 e5 18. fxe5 dxe5 19. Bc5 Qxd1 20. Rbxd1 Be6 21. Nc3 Nd7 22. Be3 Bb3 23. Rd2 0-0 24. Rxd7 Rab8 25. Nd5 Bc4 26. Rc1 Bxb5 27. Rdc7 Kh8 28. h4 f5 29. Ne7 Kh7 30. exf5 gxf5 31. Bh3 f4 32. Bf5+ Kh6 33. gxf4 e4 34. Bg6 Bxb2 35. f5+ Kg7 36. Nd5+ Kg8 37. Rb1 Be5 38. Rxb5 Bxc7 39. Nxc7 Rfc8 40. Bf4 Rd8 41. Re5 Rd1+ 42. Kf2 Rd3 43. Rxe4 Rxa3 44. Re7 Ra2+ 45. Kf3 Ra3+ 46. Ke4 Rd8 47. Be5 Rb3 48. Rg7+ Kf8 49. Ne6# 1-0

[Event "Titled Tuesday intern op 16th Jan Late"]
[Site "Chess.com INT"]
[Date "2024.01.16"]
[Round "7"]
[White "Karamsetty, Jeevan"]
[Black "Boder, Jan"]
[Result "1-0"]
[WhiteElo "2211"]
[BlackElo "2284"]
[PlyCount "29"]
[EventDate "2024.01.16"]
[EventType "swiss (blitz)"]
[EventRounds "11"]
[EventCountry "USA"]
[SourceTitle "CB04_2024"]
[SourceDate "2023.10.16"]
[SourceVersion "1"]
[SourceVersionDate "2023.10.16"]
[SourceQuality "1"]

1. e4 e5 2. Nf3 Nc6 3. Bc4 Nf6 4. d3 d5 5. exd5 Nxd5 6. 0-0 Nb6 7. Bb3 Bg4 8. h3 Bh5 9. Nbd2 Qd7 10. Nxe5 Qf5 11. g4 Bxg4 12. hxg4 Qf6 13. Nxc6 bxc6 14. Qf3 Qe7 15. Qxc6+ 1-0

[Event "Staufer op 34th"]
[Site "Schwaebisch Gmuend"]
[Date "2024.01.04"]
[Round "5"]
[White "Boder, Jan"]
[Black "Krastev, Alexander"]
[Result "1-0"]
[WhiteElo "2284"]
[BlackElo "2470"]
[PlyCount "83"]
[EventDate "2024.01.02"]
[EventType "swiss"]
[EventRounds "9"]
[EventCountry "GER"]
[SourceTitle "CB02_2024"]
[SourceDate "2024.01.10"]
[SourceVersion "1"]
[SourceVersionDate "2024.01.10"]
[SourceQuality "1"]

1. c4 e6 2. g3 d5 3. Nf3 d4 4. Bg2 c5 5. d3 Nc6 6. 0-0 Nf6 7. e3 h6 8. exd4 cxd4 9. a3 a5 10. Bf4 g5 11. Be5 g4 12. Bxf6 Qxf6 13. Nh4 Qg7 14. Nd2 Be7 15. f4 0-0 16. Qe2 Ra6 17. c5 Bxc5 18. f5 Be7 19. Ne4 Bxh4 20. f6 Bxf6 21. Nxf6+ Kh8 22. Bxc6 Rxc6 23. Qe5 Qg5 24. Nxg4+ Qxe5 25. Nxe5 Rc2 26. Ng6+ fxg6 27. Rxf8+ Kg7 28. Raf1 Rc7 29. Re8 b6 30. Rf4 Rc1+ 31. Kf2 Rc2+ 32. Ke1 h5 33. h4 e5 34. Re7+ Kg8 35. Rxe5 Bf5 36. Rxd4 Rxb2 37. Re7 Kf8 38. Rb7 Ke8 39. Rd6 Rb3 40. a4 Bxd3 41. Rdxb6 Ra3 42. Ra7 1-0

[Event "Staufer op 34th"]
[Site "Schwaebisch Gmuend"]
[Date "2024.01.03"]
[Round "4"]
[White "Boder, Jan"]
[Black "Albert, Markus1"]
[Result "1/2-1/2"]
[WhiteElo "2284"]
[BlackElo "2165"]
[PlyCount "87"]
[EventDate "2024.01.02"]
[EventType "swiss"]
[EventRounds "9"]
[EventCountry "GER"]
[SourceTitle "CB02_2024"]
[SourceDate "2024.01.10"]
[SourceVersion "1"]
[SourceVersionDate "2024.01.10"]
[SourceQuality "1"]

1. c4 Nf6 2. g3 g6 3. Bg2 Bg7 4. Nc3 0-0 5. Nf3 c6 6. d4 d6 7. 0-0 Nbd7 8. e4 e5 9. h3 Re8 10. Be3 exd4 11. Nxd4 Nc5 12. Qc2 a5 13. Rad1 Nfd7 14. b3 Qe7 15. Rd2 Ne5 16. Rfd1 a4 17. f4 axb3 18. axb3 Ned7 19. Bf2 h5 20. Nde2 Nf6 21. Bxc5 dxc5 22. Rd6 Qc7 23. e5 Nh7 24. Kh2 h4 25. Be4 hxg3+ 26. Nxg3 Qe7 27. Bg2 Qh4 28. Rf1 Be6 29. Na4 Bf8 30. Rd2 Rad8 31. Rdf2 Kh8 32. Nc3 Bc8 33. Nce4 Rd4 34. Ne2 Rdd8 35. Qc3 Bg7 36. Qg3 Qxg3+ 37. N2xg3 Bf8 38. Ra1 Be7 39. f5 Bf8 40. e6 gxf5 41. exf7 Re5 42. Rd2 Rxd2 43. Nxd2 Re7 44. Ra8 1/2-1/2

[Event "Titled Tuesday intern op 26th Sep Late"]
[Site "Chess.com INT"]
[Date "2023.09.26"]
[Round "1"]
[White "Kleiman, Jake"]
[Black "Boder, Jan"]
[Result "1-0"]
[WhiteElo "2399"]
[BlackElo "2286"]
[PlyCount "143"]
[EventDate "2023.09.26"]
[EventType "swiss (blitz)"]
[EventRounds "11"]
[EventCountry "USA"]
[SourceTitle "EXT 2024"]
[Source "ChessBase"]
[SourceDate "2023.10.10"]
[SourceVersion "1"]
[SourceVersionDate "2023.10.10"]
[SourceQuality "1"]

1. e4 e5 2. Nf3 Nc6 3. Bc4 Nf6 4. d3 Bc5 5. c3 a6 6. Bb3 Ba7 7. Nbd2 d6 8. 0-0 h6 9. Re1 0-0 10. h3 Be6 11. Bc2 Re8 12. Nf1 d5 13. Qe2 Qd7 14. Kh2 Rad8 15. Rd1 Qe7 16. Ng3 dxe4 17. dxe4 Rxd1 18. Bxd1 Rd8 19. Bb3 Bxb3 20. axb3 Qe6 21. b4 Ne7 22. b5 a5 23. Rxa5 Bb6 24. Ra1 Ng6 25. Nf5 Qb3 26. g3 Qd1 27. Qxd1 Rxd1 28. Ne3 Rd8 29. Ra4 Rd7 30. Kg2 Kf8 31. Nc4 Re7 32. Nxb6 cxb6 33. Be3 Re8 34. Bxb6 Nd7 35. Be3 Kg8 36. b6 Nf6 37. Nd2 Nf8 38. Ra7 Rb8 39. f3 N8d7 40. Kf2 Ne8 41. c4 Nd6 42. c5 Nb5 43. Ra5 Nd4 44. Bxd4 exd4 45. Ke2 Rc8 46. b4 Ne5 47. Ra7 Rb8 48. f4 Nc6 49. Ra4 Rc8 50. Kd3 Kf8 51. Nf3 Ke7 52. b5 Nb8 53. Kxd4 Nd7 54. Rc4 f6 55. Nh4 Ra8 56. Nf5+ Ke6 57. Nxg7+ Kf7 58. Nf5 Ra1 59. Nd6+ Ke6 60. Nxb7 Rd1+ 61. Ke3 Re1+ 62. Kf2 Rb1 63. Nd8+ Ke7 64. Nc6+ Ke6 65. b7 Rxb5 66. Nd4+ Kf7 67. Nxb5 Nxc5 68. Rxc5 Kg6 69. b8Q h5 70. Qg8+ Kh6 71. Rf5 h4 72. Rxf6+ 1-0

[Event "Titled Tuesday intern op 26th Sep Late"]
[Site "Chess.com INT"]
[Date "2023.09.26"]
[Round "2"]
[White "Ronka, Erik"]
[Black "Boder, Jan"]
[Result "0-1"]
[WhiteElo "2297"]
[BlackElo "2286"]
[PlyCount "48"]
[EventDate "2023.09.26"]
[EventType "swiss (blitz)"]
[EventRounds "11"]
[EventCountry "USA"]
[SourceTitle "EXT 2024"]
[Source "ChessBase"]
[SourceDate "2023.10.10"]
[SourceVersion "1"]
[SourceVersionDate "2023.10.10"]
[SourceQuality "1"]

1. e4 e5 2. Nc3 Nf6 3. Bc4 Nc6 4. d3 Bc5 5. f4 d6 6. Nf3 Bg4 7. Na4 Nd4 8. Nxc5 dxc5 9. fxe5 Nd7 10. Bf4 Qe7 11. c3 Nc6 12. d4 cxd4 13. 0-0 Ndxe5 14. Bxe5 Nxe5 15. cxd4 Nxf3+ 16. gxf3 Bh3 17. Rf2 0-0-0 18. d5 Rd6 19. Kh1 Rg6 20. Qd4 Kb8 21. e5 Re8 22. f4 Qb4 23. Rd1 Rd8 24. a3 Qe7 0-1

[Event "Titled Tuesday intern op 29th Aug Late"]
[Site "Chess.com INT"]
[Date "2023.08.29"]
[Round "2"]
[White "Boder, Jan"]
[Black "Vafin, Ayrat"]
[Result "0-1"]
[WhiteElo "2234"]
[BlackElo "2302"]
[PlyCount "60"]
[EventDate "2023.08.29"]
[EventType "swiss (blitz)"]
[EventRounds "11"]
[EventCountry "USA"]
[SourceTitle "EXT 2024"]
[Source "ChessBase"]
[SourceDate "2023.10.10"]
[SourceVersion "1"]
[SourceVersionDate "2023.10.10"]
[SourceQuality "1"]

1. Nf3 d5 2. b3 Bg4 3. Bb2 Nd7 4. g3 Bxf3 5. exf3 e5 6. Bg2 Ngf6 7. 0-0 Bd6 8. Re1 0-0 9. c4 d4 10. d3 c5 11. Nd2 Re8 12. Ne4 Nf8 13. Bc1 Ng6 14. a3 Be7 15. Bd2 Nd7 16. Bc1 f5 17. Nd2 Bg5 18. b4 a5 19. bxc5 Nxc5 20. Nb3 Na4 21. Bxg5 Qxg5 22. Qc2 f4 23. Nxd4 exd4 24. Qxa4 Ne5 25. Qb5 Qf6 26. Qd5+ Kh8 27. Qxd4 Nxf3+ 28. Bxf3 Qxd4 29. Kg2 fxg3 30. hxg3 Rxe1 0-1

[Event "Titled Tuesday intern op 29th Aug Early"]
[Site "Chess.com INT"]
[Date "2023.08.29"]
[Round "1"]
[White "Kleiman, Jake"]
[Black "Boder, Jan"]
[Result "1-0"]
[WhiteElo "2399"]
[BlackElo "2234"]
[PlyCount "49"]
[EventDate "2023.08.29"]
[EventType "swiss (blitz)"]
[EventRounds "11"]
[EventCountry "USA"]
[SourceTitle "EXT 2024"]
[Source "ChessBase"]
[SourceDate "2023.10.10"]
[SourceVersion "1"]
[SourceVersionDate "2023.10.10"]
[SourceQuality "1"]

1. e4 e5 2. Nf3 Nc6 3. Bc4 Nf6 4. d3 Bc5 5. 0-0 a6 6. c3 d6 7. Bb3 Ba7 8. Nbd2 0-0 9. h3 Be6 10. Bc2 h6 11. Re1 Re8 12. Nf1 d5 13. Qe2 dxe4 14. dxe4 Qe7 15. Ng3 Rad8 16. Nh4 Qc5 17. Nhf5 Bc4 18. Qf3 Bd3 19. Bb3 Kh8 20. Nxh6 Qxf2+ 21. Qxf2 Bxf2+ 22. Kxf2 gxh6 23. Bxh6 Rg8 24. Rad1 Rg6 25. Bc1 1-0

[Event "Bamberg op-A 5th"]
[Site "Bamberg"]
[Date "2023.07.29"]
[Round "6"]
[White "Koepke, Christian"]
[Black "Boder, Jan"]
[Result "1/2-1/2"]
[WhiteElo "2313"]
[BlackElo "2264"]
[PlyCount "81"]
[EventDate "2023.07.26"]
[EventType "swiss"]
[EventRounds "7"]
[EventCountry "GER"]
[SourceTitle "CBM 215 Extra"]
[Source "ChessBase"]
[SourceDate "2023.09.30"]
[SourceVersion "1"]
[SourceVersionDate "2023.09.30"]
[SourceQuality "1"]

1. d4 Nf6 2. Nc3 d5 3. Bf4 e6 4. Nb5 Bb4+ 5. c3 Ba5 6. a4 a6 7. b4 Bd7 8. e3 Nc6 9. bxa5 axb5 10. axb5 Nxa5 11. Bg5 h6 12. Bxf6 gxf6 13. Bd3 Nc4 14. Bxc4 dxc4 15. Ne2 Bxb5 16. e4 Rxa1 17. Qxa1 Bc6 18. f3 Rg8 19. 0-0 f5 20. exf5 Qg5 21. Ng3 exf5 22. Rf2 Kf8 23. Qa3+ Kg7 24. f4 Qg6 25. Qc5 Qe6 26. Nxf5+ Kh7 27. Qe5 Be4 28. Ng3 Bd3 29. Nh5 Qxe5 30. fxe5 Ra8 31. g4 Kg8 32. d5 b5 33. e6 fxe6 34. dxe6 Ra1+ 35. Kg2 Re1 36. Nf4 c5 37. Rd2 b4 38. cxb4 cxb4 39. Nxd3 cxd3 40. Rxd3 Rxe6 41. Rd8+ 1/2-1/2